Código Tributario

Salvato in:
Dettagli Bibliografici
Natura: Libro
Lingua:spagnolo
Pubblicazione: Santiago Lexis Nexis 2008
Edizione:8a. ed
Soggetti:
Tags: Aggiungi Tag
Nessun Tag, puoi essere il primo ad aggiungerne!!

MARC

LEADER 00000nam a2200000 a 4500
001 UCI9448
003 CL-VaPUC
008 081120e20080000CL |||||||||||||||||spa|d
020 |a 9562384608 
082 0 4 |a 343.8304  |b COD  |2 21 
245 1 0 |a Código Tributario 
250 |a 8a. ed 
300 |a 390 p 
942 |c BK 
945 |d 20081120 00:00:00  |a rbrito 
260 |a Santiago  |b Lexis Nexis  |c 2008 
650 0 |a Código tributario  |9 350428 
650 0 |a Derecho tributario  |9 258895 
650 7 |a SANCIONES TRIBUTARIAS  |2 CL-VaPUC  |9 532690 
650 0 |a Fiscalización  |9 257403 
583 |a last modification  |c 20081120 00:00:00  |k Rodrigo Vera 
999 |c 331984  |d 331982 
952 |0 0  |1 0  |2 ddc  |4 0  |6 343_830400000000000_COD_2008  |7 0  |8 FOND_LRYV  |9 419293  |a BIBDER  |b BIBDER  |d 2019-11-22  |i 4498984  |o 343.8304 COD 2008  |p 4498984  |r 2023-01-25  |w 2019-11-22  |y BK_X  |k DER